000 00196nam a22000737a 4500
999 _c24631
_d24631
003 NUST
005 20170615130649.0
008 140617b xxu||||| |||| 00| 0 eng d
020 _cAvailable
022 _a00221120
040 _aDLC
_bDLC
_cRCMS
082 _a532.14 CAM
100 _aCambridge University Press
_92672
245 _aJournal of Fluid Mechanics vol 694 Mar
_cCambridge University Press
260 _aUSA
_bCambridge University Press
_c10,March,2012
300 _a542,p:
_bill:
_c22,cm.
440 _vVolume :694
_92747
500 _aContents continued on inside back cover.
650 _aFluid Mechanics
_91678
942 _2ddc
_cCR